| 000 | 01287nam a22003497i 4500 | ||
|---|---|---|---|
| 999 |
_c176239 _d176239 |
||
| 003 | OSt | ||
| 005 | 20200129152451.0 | ||
| 008 | 200129t20182018mnua b 000 1ceng d | ||
| 020 |
_a9781496557353 _cRM99.00 _qhardback |
||
| 040 |
_aPPAK _beng _cPPAK _erda |
||
| 082 | 0 | 4 |
_223 _a813.6 |
| 090 | 0 | 0 |
_a813.6 _bHOE _dK |
| 100 | 1 |
_a Hoena, Blake, _eauthor. |
|
| 245 | 1 | 0 |
_aCOLOSSAL COURSE! / _cBY BLAKE ; ILLUSTATEDBB BY FERN CANO |
| 246 | 3 |
_a Thunder trucks! : _bcolossal course! |
|
| 264 | 1 |
_aNorth Mankato, Minnesota : _bStone Arch Books, _c2018 |
|
| 264 | 4 | _c©2018 | |
| 300 |
_a53 pages : _bcolour illustrations ; _c20 cm |
||
| 336 |
_2rdacontent _atext |
||
| 337 |
_2rdamedia _aunmediated |
||
| 338 |
_2rdacarrier _avolume |
||
| 490 | 1 | _a THUNDERTRUCK! | |
| 505 |
_tHero wanted --
_tPerseus gets pummeled -- _tTheseus gets thumped -- _tThree on one -- _tFlying high -- _tBellerophon and the chimera. |
||
| 520 | _aThe B-PHON monster truck takes on his toughest competition - himself! -- provided by publisher. | ||
| 521 | 2 | _aFor primary school age | |
| 650 | 1 | 0 |
_a Monster trucks _vJuvenile fiction |
| 650 | 2 | 0 |
_aTrucks _vJuvenile fiction |
| 650 | 2 | 0 |
_aMythology, Greek _vFiction |
| 700 | 1 |
_aCano, Fern, _eillustrator. |
|
| 830 | 0 | _aThunderTrucks! | |
| 942 |
_2ddc _cB |
||